000 01865nam a22005177a 4500
003 OSt
005 20230420100127.0
008 221006b |||||||| |||| 00| 0 eng d
040 _cBiblioteca Lado V
082 _a700
_bZ39a
100 _9802
_aZaya, Antonio
_eeditor
_edirector
245 _aAtalantica/
_bRevista de Arte y Pensamiento/
260 _bCentro Atlantico de Arte Moderno
_c2003
_aEspaña
300 _c24x30cm
_a135p.
366 _efre
366 _eeng
490 _v2003
_x1132-8428
_a34
505 _tTestimonios del Siglo
505 _tBierni en la Habana
505 _tMichelangelo Pistoletto
505 _tEl Poder de las Flores
505 _tUn proyecto de Mona Marzouk
505 _tUn proyecto de Wilson Diaz
505 _tMaria Martinez-Cañas
505 _tUn Proyecto de Daniel Joseph Martinez
505 _tFlorencio Gelabert
505 _tUn proyecto de Milton Becerra
505 _tUn proyecto de Jaime Iregui
505 _tUn proyecto de Juan Carlos Bautista
505 _tDaniel Ybarra
505 _tUn proyecto de Fabiana de Barros
505 _tUn Proyecto de Domingo Sanchez Blanco
505 _tUn Portafolio de Tony Monsanto
505 _tUn proyecto de Roberto Gualtieri
505 _tUn Portafolio de Alexis W
650 _2Tesauro de Arte & Arquitectura
_aARTE
_9703
650 _2Tesauro de Arte & Arquitectura
_aEXPOSICIONES
650 _2Tesauro de Arte & Arquitectura
_aCULTURA
650 _2Tesauro de Arte & Arquitectura
_aAPRECIACION
650 _2Tesauro de Arte & Arquitectura
_aTEORIA
650 _2Tesauro de Arte & Arquitectura
_aCRITICA
650 _2Tesauro de Arte & Arquitectura
_aFOTOGRAFIA
_9702
650 _2Tesauro de Arte & Arquitectura
_aLITERATURA
650 _2Tesauro de Arte & Arquitectura
_aESPAÑA
942 _2ddc
_c1
_h700
_iZ39a
_n0
999 _c3395
_d3395